000 00200nam a22000857a 4500
008 230201b |||||||| |||| 00| 0 eng d
020 _a9780439657327
100 _aCapucilli Satin
_97406
245 _aBiscuit
999 _c12227
_d12227